League of Legends Champions by Selection Quote Quiz Stats

 Plays Quiz not verified by Sporcle

Challenge
Share
Tweet
Embed
Score 0/73 Timer 08:00
4 Plays Today
Selection Quote Champion % Correct
'You wanna play, too? It'll be fun!'Annie
88%
'Mundo!'Dr. Mundo
88%
'ok.'Rammus
82.5%
'Lady Luck is smilin'Twisted Fate
76.9%
'Rock Solid!'Malphite
75.1%
'Captain Teemo on duty!'Teemo
74.9%
'Fortune doesn't favour fools.'Miss Fortune
70.4%
'Time to troll!'Trundle
67.9%
'Only you can hear me summoner, what masterpiece shall we play today?'Sona
66%
'To the Fields of Justice!'Garen
65.8%
'More than just precious stones, I bring you an ancient power.Taric
65%
'The tempest is at your command.'Janna
64%
'I thought you'd never pick me...'Amumu
63.6%
'Time for a true display of skill.'Ezreal
62.8%
'The cycle of life and death continues, we will live, they will die.'Nasus
61.9%
'I'm up to snuff, I gots me an ace machine!'Corki
61%
'Prepare to be boarded!'Gangplank
59.6%
'As balance dictates.'Akali
58.6%
'Tactical decision, summoner!'Lux
58.2%
'I wanna shoot something!'Tristana
57.2%
'They will fear the wild.'Nidalee
57.1%
'The night is my veil.'Evelynn
56.8%
'How about a magic trick?'Shaco
56.7%
'On my wings.'Anivia
56.5%
'If you're buying, I'm in!'Gragas
55.3%
'How about a drink?'Singed
54.2%
'Don't you find me beautiful?'Cassiopeia
53.2%
'I'm on the case.'Caitlyn
52.2%
'My blade is yours.'Master Yi
51.4%
'The Black Rose shall bloom once more.'Leblanc
48.1%
'Into the fray.'Kayle
48.1%
'Embrace the darkness!'Nocturne
48%
'Violence solves everything.'Katarina
47.5%
'This'll be a slaughter!'Tryndamere
46.3%
'A guardian is always prepared.'Galio
45.2%
'Indeed, a wise choice!'Heimerdinger
44.2%
'I knew you would do that.'Zilean
43.7%
Selection Quote Champion % Correct
'Let's go, let's GO!'Ryze
43.7%
'The early bird GUTS the worm.'Swain
43%
'Let's do this.'Jax
42.4%
'The rivers will run red.'Vladimir
41.2%
'You'd wish the world you know to end! Yeeeesssss..'Cho'Gath
40.5%
'My blade is at your service.'Irelia
40.2%
'Time to feast!'Kog'maw
39.5%
'Know that if the tables were turned, I would show you no mercy!'Veigar
38.1%
'Smart choice!'Ashe
37.6%
'Your bidding, master?'Fiddlesticks
36.9%
'We'll bring them pain!'Morgana
36.5%
'Fired up and ready to serve.'Blitzcrank
36.4%
'Let me guide you.'Soraka
34.6%
'The eyes never lie.'Kennen
34.6%
'To the arena!'Xin Zhao
32.7%
'Oblivion awaits.'Malzahar
32.4%
'Nothing can hold me back!'Alistar
32.1%
'Valoran will know harmony.Poppy
31.5%
'They are priviledged to die at my feet.'Pantheon
30.6%
'Do you feel a chill?'Karthus
29.7%
'Your will, my hands.'Lee Sin
29.6%
'Our rage is beyond your control.'Udyr
26.8%
'A demonstration of superior judgement.'Shen
25.5%
'By my will, this shall be finished!'Jarvan IV
24.6%
'I shall bring great suffering.'Mordekaiser
23.9%
'As I live, all will die!'Renekton
23.8%
'The balance of power must be preserved.'Kassadin
23.1%
'An enlightened decision.'Karma
22.9%
'I do it.'Sion
22.4%
'Eternal life, endless torture.'Urgot
20.8%
'Here we go!'Nunu
20.7%
'Leave nothing behind.'Olaf
19.6%
'To battle!'Sivir
17.4%
'I do your bidding, for now.'Maokai
17.2%
'Let's make this fun!'Warwick
16.1%
'Oh, what do you want?'Twitch
15.2%

You're not logged in!

Compare scores with friends on all Sporcle quizzes.
OR
Log In

You Might Also Like...

Show Comments

Extras

Top Quizzes Today


Score Distribution

Your Account Isn't Verified!

In order to create a playlist on Sporcle, you need to verify the email address you used during registration. Go to your Sporcle Settings to finish the process.

Report this User

Report this user for behavior that violates our Community Guidelines.

Details: